Die Kirche Mariä Opferung in Naumburg am Queis

Titel: Die Kirche Mariä Opferung in Naumburg am Queis : eine nicht nur lokal-, sondern auch familiengeschichtliche Spurensuche / Günter Scholz
Verfasser:
In: Genealogie, Band 34=67, Heft 4 (2018), Seite 242-270
alle Artikel anzeigen
Veröffentlicht: 2018
Format: Aufsatz
Sprache: Deutsch
Schlagworte:
Kein Bild verfügbar
X
alg: 46784419
001A    $03025:14-08-20 
001B    $01999:14-08-20 $t22:42:13.000 
001D    $03025:14-08-20 
001U    $0utf8 
001X    $00 
002@    $0Aou 
002C    $aText $btxt $2rdacontent 
002D    $aohne Hilfsmittel zu benutzen $bn $2rdamedia 
002E    $aBand $bnc $2rdacarrier 
003@    $0467844194 
007A    $0467844194 $aHEB 
010@    $ager 
010E    $erda 
011@    $a2018 
021A    $aDie @Kirche Mariä Opferung in Naumburg am Queis $deine nicht nur lokal-, sondern auch familiengeschichtliche Spurensuche $hGünter Scholz 
028A    $BVerfasser $4aut $7 $8Scholz, Guenter [Tnx] $9170437302 
031A    $d34=67 $e4 $h242-270 $j2018 
039B    $aEnthalten in $8--Abvc--. Genealogie. - Insingen : Degener, 1962-. - ISSN 0016-6383 $x201800000340004758 $904732645X 
044K    $RNaumburg am Queis $RWoiwodschaft Niederschlesien $74564928-5 $8Nowogrodziec [Tg1] $9090727339 
044K    $RHistorische Hilfswissenschaften $RAbstammung $RLineage $RGenealoge $#Genealogy $#Généalogie $#Genealogie $#Ahnenforschung $#Ahnenkunde $#Familienforschung Genealogie $#Familiengeschichte Genealogie $#Familienkunde $#Historische Familienforschung $#Sippenkunde $#Abstammung Genealogie $#Herkunft Genealogie $74020097-8 $8Genealogie [Ts1] $9085048054 
045F    $a929.094385 $eDDC23BSB 
045F/01 $a929 
045F/03 $g4385 
045F/03 $g438 
045T    $a8 

lok: 46784419 78

exp: 46784419 78 1 #EPN
201B/01 $014-08-20 $t13:04:44.000 
201C/01 $014-08-20 
201U/01 $0utf8 
203@/01 $01118022122 
208@/01 $a14-08-20 $be 
209A/01 $a/ $f000 $x00 
209A/01 $ab*p $x01 
220C/01 $apgar 
244Z/01 $#Generalgouvernement Polen $#Polska $#Rzeczpospolita Polska $#Polska Rzeczpospolita Ludowa $#Poland $#Pologne $#République Polonaise $#Generalne Gubernatorstwo w Polsce $#Polish People's Republic $#Polska Rzeczpospolita Polen $#PRL $#RP $#Polen Generalgouvernement $#Polska Generalgouvernement $#Besetzte Polnische Gebiete $#Besetztes Gebiet in Polen $#Okupowane Polskie Obszary $#Obszary Okupowane w Polsce $#Volksrepublik Polen $#Polska Rosyjska $#Republic Polen $#Respublika Pol'ša $#Pol'skaja Narodnaja Respublika $#République de Pologne $#Polen Links der Weichsel $#Polska po Lewej Stronie Wisły $#Lenkija $#Polija $#Gubernija Carstva Pol'skago $#Republik Polen $74046496-9 $8--Tg1--Polen $x01 $9085129801 
244Z/01 $#Schlesien $#Schlesien $#Herzogtum Schlesien $#Herzogtum Schlesien Schlesien $#Provinz Schlesien $#Śla̜sk $#Slezsko $#Silesia $74052678-1 $8--Tg1--Schlesien $x02 $9085146781 
247C/01 $82080>Marburg/Lahn, Herder-Institut, Forschungsbibliothek, Bibliographieportal $9336309341
LEADER 00000caa a2200000 c 4500
001 467844194
003 DE-603
005 20200814224213.0
007 tu
008 200814s2018 xx |||| | u00||u|ger c
035 |a (DE-599)HEB467844194 
040 |a DE-603  |b ger  |c DE-603  |d DE-603  |e rda 
041 |a ger 
082 0 4 |8 1\u  |a 929.094385  |q DE-101  |2 23/BSB 
084 |a 8  |2 ssgn 
085 |8 1\u  |b 929 
085 |8 1\u  |z 2  |s 4385 
085 |8 1\u  |z 2  |s 438 
100 1 |a Scholz, Guenter  |e Verfasser  |4 aut  |0 (DE-603)170437302 
245 0 0 |a ˜Dieœ Kirche Mariä Opferung in Naumburg am Queis  |b eine nicht nur lokal-, sondern auch familiengeschichtliche Spurensuche  |c Günter Scholz 
264 0 |c 2018 
336 |a Text  |b txt  |2 rdacontent 
337 |a ohne Hilfsmittel zu benutzen  |b n  |2 rdamedia 
338 |a Band  |b nc  |2 rdacarrier 
650 7 |a Genealogie  |0 (DE-588)4020097-8  |0 (DE-603)085048054  |2 gnd 
651 7 |a Nowogrodziec  |0 (DE-588)4564928-5  |0 (DE-603)090727339  |2 gnd 
773 0 8 |i Enthalten in  |t Genealogie  |d Insingen : Degener, 1962-  |x 0016-6383  |g Band 34=67, Heft 4 (2018), Seite 242-270  |w (DE-603)04732645X  |w (DE-600)212736-2 
924 0 |9 2080  |a (DE-603)1118022122  |b DE-2080  |c HES  |d d  |g /